| 000 | 00386nam a2200121 4500 | ||
|---|---|---|---|
| 999 |
_c10032 _d10032 |
||
| 008 | 180726b ||||| |||| 00| 0 eng d | ||
| 100 |
_929635 _aMacatuno, Allan |
||
| 245 |
_aIn Zambales, gov't turns vaccine drive into health showcase/ _cAllan Macatuno |
||
| 260 |
_aPhilippines _bPhilippine Daily Inquirer _cc2016 |
||
| 300 | _apage A15. | ||
| 650 | 0 |
_929636 _aVaccines. |
|
| 942 |
_2ddc _cPER |
||